Normal view
MARC view
- Christopher ,WU
Entry Personal Name
001 - CONTROL NUMBER
- control field: 103536
003 - CONTROL NUMBER IDENTIFIER
- control field: NUST
005 - DATE AND TIME OF LATEST TRANSACTION
- control field: 20221124181351.0
008 - FIXED-LENGTH DATA ELEMENTS
- fixed length control field: 221124|| aca||aabn | a|a d
040 ## - CATALOGING SOURCE
- Original cataloging agency: NUST
- Transcribing agency: NUST
100 ## - HEADING--PERSONAL NAME
- Personal name: Christopher ,WU
670 ## - SOURCE DATA FOUND
- Source citation: Work cat.: (NUST)180638: Christopher ,WU, Solutions To Problems In A Level Physics /, 1991
